| 000 | 00698cam a2200193 4500 | ||
|---|---|---|---|
| 001 | WB3541-01 | ||
| 008 | 000000n1999 000 0 eng u | ||
| 035 | _a(Sirsi) u100726 | ||
| 245 | _aBosses beat path to Best Practice | ||
| 260 | _c1999 | ||
| 490 |
_aConstruction News _v(6638) 21 October 1999, 2(1) |
||
| 520 | _aThe Construction Best Practice Programme has had to restrict numbers due to unprecedented demand. The scheme aims to raise awareness of what Best Practice can do for the construction industry. | ||
| 590 | _aWB | ||
| 650 | _aBEST PRACTICE | ||
| 650 | _aCONSTRUCTION INDUSTRY | ||
| 650 | _aCONSTRUCTION BEST PRACTICE PROGRAMME | ||
| 690 | _aBUILT ENVIRONMENT | ||
| 942 | _n0 | ||
| 999 |
_c60225 _d60225 |
||